00387nam a2200157Ia 45000010006000000050017000060080041000230410008000640820015000721000030000872450059001172600009001763000028001856500008002136540008002211435420260306164908.0260306t2001||||xx |||||||||||||| ||spa|| aESP a512.5bG58 aGolubitsky, MartíneAUT 0aÁlgebra Lineal y Ecuaciones Diferenciales con MATLAB c2001 a564 páginas :c24 cm. aGEN aCMA